<?xml version="1.0" encoding="UTF-8"?>
<marc:record xmlns:marc="http://www.loc.gov/MARC21/slim">
   <marc:leader>00000nam a2200000 a 4500</marc:leader>
   <marc:datafield ind1="1" ind2=" " tag="100">
      <marc:subfield code="a">Craft, Elizabeth</marc:subfield>
      <marc:subfield code="4">aut</marc:subfield>
      <marc:subfield code="e">Verfasser/-in</marc:subfield>
   </marc:datafield>
   <marc:datafield ind1="0" ind2="0" tag="245">
      <marc:subfield code="a">Flower</marc:subfield>
   </marc:datafield>
   <marc:datafield ind1=" " ind2="1" tag="264">
      <marc:subfield code="b">Habel</marc:subfield>
      <marc:subfield code="c">2016</marc:subfield>
   </marc:datafield>
   <marc:datafield ind1="1" ind2=" " tag="520">
      <marc:subfield code="a">Unstillbare Sehnsucht. Rettungslose Liebe.Die achtzehnjährige Charlotte hat keine Zeit für Jungs, sondern setzt all ihren Ehrgeiz auf die Zulassung an der Stanford Universität. Da tritt ein fremder Junge in ihr Leben, der geheimnisvolle Tate. Charlotte verliebt sich auf den ersten Blick und will nur noch eins: Tate. Und Tate will sie. Dann der Schock: Tate ist nicht irgendwer, sondern ein Superstar, der bekannteste Sänger seiner Generation. Und er hat dem Rampenlicht - und Beziehungen - den Rücken gekehrt. Doch die Anziehungskraft zwischen Charlotte und Tate ist so stark wie das Schicksal selbst ...</marc:subfield>
   </marc:datafield>
   <marc:datafield ind1=" " ind2=" " tag="020">
      <marc:subfield code="a">9783570164181</marc:subfield>
      <marc:subfield code="9">9783570164181</marc:subfield>
   </marc:datafield>
</marc:record>
